Hội An quê tôi : Hồi ký, tạp văn, giai thoại

保存先:
書誌詳細
第一著者: Minh Hương
フォーマット: 図書
言語:Undetermined
出版事項: TP. Hồ Chí Minh Văn học 2000
主題:
タグ: タグ追加
タグなし, このレコードへの初めてのタグを付けませんか!
Thư viện lưu trữ: Trung tâm Học liệu Trường Đại học Cần Thơ
LEADER 00561nam a2200205Ia 4500
001 CTU_91955
008 210402s9999 xx 000 0 und d
020 |c 26000 
082 |a 895.9223 
082 |b M312 
100 |a Minh Hương 
245 0 |a Hội An quê tôi : 
245 0 |b Hồi ký, tạp văn, giai thoại 
245 0 |c Minh Hương 
260 |a TP. Hồ Chí Minh 
260 |b Văn học 
260 |c 2000 
650 |a Vietnamese literature 
904 |i Nguyên 
980 |a Trung tâm Học liệu Trường Đại học Cần Thơ